Zboží na silnicích nemá snadnou cestu
Sotva kamiónová doprava prešla obdobím, poznamenaným pandémiou, vojna na Ukriane znemožňuje priechod cestami cez Východnú Európu. Nedostatok šoférov sa prehlbuje. Do toho prichádza elektromobilita.
Guardado en:
| Autor principal: | |
|---|---|
| Formato: | Capítulo de libro |
| Lenguaje: | checo |
| Materias: | |
| Etiquetas: |
Sin Etiquetas, Sea el primero en etiquetar este registro!
|
MARC
| LEADER | 00000naa a2200000 4500 | ||
|---|---|---|---|
| 001 | 0287113 | ||
| 005 | 20240417075212.7 | ||
| 041 | 0 | |a cze | |
| 044 | |a CZ | ||
| 245 | 1 | 0 | |a Zboží na silnicích nemá snadnou cestu |c Pavel Toman |
| 520 | |a Sotva kamiónová doprava prešla obdobím, poznamenaným pandémiou, vojna na Ukriane znemožňuje priechod cestami cez Východnú Európu. Nedostatok šoférov sa prehlbuje. Do toho prichádza elektromobilita. | ||
| 610 | 2 | 0 | |a doprava cestná |
| 610 | 2 | 0 | |a doprava cestná nákladná |
| 610 | 2 | 0 | |a pandémia |
| 610 | 2 | 0 | |a Ukrajina |
| 610 | 2 | 0 | |a vojny |
| 610 | 2 | 0 | |a elektromobily |
| 610 | 2 | 0 | |a vozidlá motorové |
| 610 | 2 | 0 | |a nafta |
| 610 | 2 | 0 | |a východná Európa |
| 610 | 2 | 0 | |a pomoc hospodárska |
| 100 | 1 | |a Toman, Pavel | |